Isolation and determination of tetracycline residues in honey using and solid-phase extration cleanup and UV spectroscopy detection /
Đã lưu trong:
| Tác giả chính: | |
|---|---|
| Tác giả khác: | |
| Định dạng: | Bài viết |
| Các nhãn: |
Thêm thẻ
Không có thẻ, Là người đầu tiên thẻ bản ghi này!
|
| Thư viện lưu trữ: | Thư viện Trường Đại học Đà Lạt |
|---|
| LEADER | 00769nam a2200193 4500 | ||
|---|---|---|---|
| 001 | DLU120137877 | ||
| 100 | # | # | |a Bùi Thanh Hương. |
| 245 | # | # | |a Isolation and determination of tetracycline residues in honey using and solid-phase extration cleanup and UV spectroscopy detection / |c Bùi Thanh Hương, Huỳnh Đình Dung. |
| 700 | # | # | |a Huỳnh Đình Dung. |
| 773 | # | # | |t hông báo khoa học: kỷ niệm năm mươi năm thành lập Trường Đại Học Đà Lạt |g 2008, tr. 94-102 |
| 920 | # | # | |a Phòng Tạp chí -- Trung tâm Thông tin - Thư viện Trường Đại học Đà Lạt |
| 994 | # | # | |a DLU |
| 900 | # | # | |a True |
| 911 | # | # | |a Nguyễn Thị Tưởng |
| 925 | # | # | |a G |
| 926 | # | # | |a A |
| 927 | # | # | |a BB |
| 980 | # | # | |a Thư viện Trường Đại học Đà Lạt |